| 000 | 01624cam a2200445 i 4500 | ||
|---|---|---|---|
| 001 | 4253 | ||
| 003 | FISKH | ||
| 005 | 20241122153418.0 | ||
| 008 | 160302t20092003enka j 001 0 eng d | ||
| 010 | _a 2015510671 | ||
| 015 |
_aGBA8B4679 _2bnb |
||
| 016 | 7 |
_a014765981 _2Uk |
|
| 020 | _a1407104241 | ||
| 020 | _a9781407104249 | ||
| 040 |
_aMLN _beng _cMLN _dOCLCQ _erda |
||
| 050 | _aDG77.D425 | ||
| 082 | _a937 | ||
| 100 | 1 | _aDeary, Terry, | |
| 245 | 1 | 0 |
_aRuthless Romans / _cTerry Deary ; illustrated by Martin Brown. |
| 260 |
_aLondon : _bScholastic, _c2003. |
||
| 300 |
_a144 pages : _billustrations ; _c20 cm. |
||
| 336 |
_atext _btxt _2rdacontent |
||
| 337 |
_aunmediated _bn _2rdamedia |
||
| 338 |
_avolume _bnc _2rdacarrier |
||
| 490 | 1 | _aHorrible histories | |
| 505 | _aU | ||
| 520 | _aDiscover all the foul facts about the rotten Romans in this classic Horrible Histories title. All the foul facts about the rotten Romans are ready to uncover, including: what Roman soldiers wore under their kilts and how ancient Britons got their hair nice and spiky. | ||
| 521 | 8 |
_a840
_bLexile |
|
| 521 | 8 |
_aU
_bRaz-Plus |
|
| 650 | 7 |
_aManners and customs. _2fast |
|
| 651 | 0 |
_aRome _xHistory _vJuvenile literature. |
|
| 651 | 0 |
_aRome _xSocial life and customs _vJuvenile literature. |
|
| 651 | 7 |
_aRome (Empire) _2fast _0(OCoLC)fst01204885 |
|
| 655 | 7 |
_aHistory. _2fast _0(OCoLC)fst01411628 |
|
| 655 | 7 |
_aJuvenile works. _2fast _0(OCoLC)fst01411637 |
|
| 700 | 1 |
_aBrown, Martin, _d1959- _eillustrator. |
|
| 906 |
_a7 _bcbc _ccopycat _d2 _encip _f20 _gy-gencatlg |
||
| 942 |
_2ddc _cBK _n0 |
||
| 999 |
_c4253 _d4253 |
||